000
00346 a2200145 4500
250
_a
3ème éd.
245
_a
Médecine d'urgence : anesthésie réanimation
100
_a
François, G.
700
_a
Cara, M.
700
_a
Delenze, R.
260
_c
1983
300
_a
XII-356 p.
999
_c
17543
_d
17543